| 000 | 00912nam a22003377a 4500 | ||
|---|---|---|---|
| 001 | BR2014005103 | ||
| 003 | BR-BrBNA | ||
| 005 | 20230928104456.0 | ||
| 007 | ta | ||
| 008 | 230509b bl.||||| |||| 00| 0 por d | ||
| 040 |
_aBR-BrBNA _bpor _cBiblioteca Nacional de Agricultura |
||
| 041 | _a(Por) | ||
| 072 |
_aE80 _b3103 |
||
| 090 | _ 3103 BR2014005103 | ||
| 100 | 1 | _aGodoy, R.C.B. de | |
| 100 | 1 | _aNegre, M. de F. de O. | |
| 100 | 1 | _aMendes, L.M. | |
| 100 | 1 | _aSiqueira, G.L. de A. de | |
| 100 | 1 | _aHelm, C.V. | |
| 110 | 1 | _aEmpresa Brasileira de Pesquisa Agropecuária, Brasília, DF (Brasil) | |
| 245 | 1 | _aO pinhão na culinária | |
| 250 | 1 | _a1. ed. | |
| 260 | 3 |
_aBrasília, DF (Brasil): _c2013. |
|
| 300 | _a137p. | ||
| 500 | _a32 ref.; 192 illus | ||
| 650 | _aPINHÃO | ||
| 650 | _aCULINÁRIA | ||
| 650 | _aNUTRIÇÃO HUMANA | ||
| 909 |
_a202309 _bLucia _c55 _dLucia Elande |
||
| 942 | _cBK | ||
| 999 |
_c80131 _d80131 |
||